[Event "BAN-chT Walton (Women)"]
[Site "Dhaka"]
[Date "2023.03.28"]
[Round "7"]
[White "Nazia, Jafrin Mohona"]
[Black "Nazmin, Akter"]
[Result "0-1"]
[WhiteElo "1206"]
[BlackElo "1258"]
[PlyCount "100"]
[EventDate "2023.03.22"]
[EventType "team-tourn"]
[EventRounds "7"]
[EventCountry "BAN"]
[SourceTitle "CBM 213 Extra"]
[Source "ChessBase"]
[SourceDate "2023.05.31"]
[SourceVersion "1"]
[SourceVersionDate "2023.05.31"]
[SourceQuality "1"]
[WhiteTeam "Sheikh Russel (W)"]
[BlackTeam "Uttara Cenrtal CC (W)"]
[WhiteTeamCountry "BAN"]
[BlackTeamCountry "BAN"]

1. e4 e5 2. Nf3 d6 3. Nc3 Nf6 4. Bd3 g6 5. Nd5 Nxd5 6. exd5 Bg7 7. 0-0 0-0 8. Be4 Nd7 9. d4 f5 10. Bd3 e4 11. Ng5 Nb6 12. Be2 Bf6 13. Ne6 Bxe6 14. dxe6 Qe7 15. d5 Kh8 16. f3 exf3 17. Bxf3 Bg7 18. c3 Rac8 19. Be3 Nc4 20. Qe2 Nxe3 21. Qxe3 a6 22. a4 c6 23. Rac1 cxd5 24. Bxd5 Rc5 25. Qf3 Be5 26. Bxb7 Qxe6 27. Bxa6 Qb3 28. Rb1 Qxa4 29. Qb7 Qh4 30. h3 Qg3 31. Qe7 Kg8 32. Qe6+ Kg7 33. Qe7+ Rf7 34. Qe6 Rcc7 35. Bc4 h5 36. Rf3 Qh2+ 37. Kf2 Bf6 38. Qe1 Rxc4 39. Qh1 Qe5 40. Re1 Qc5+ 41. Rfe3 Re7 42. Qf1 Rxe3 43. Rxe3 Re4 44. Qe2 Bg5 45. Kf1 Rxe3 46. Qf2 Qc4+ 47. Kg1 Qd3 48. Qf1 Re2 49. b4 Be3+ 50. Kh1 Qd2 0-1